000 02703nam0a2200349 4500
001 RU\NLR\BIBL_A\022378276
005 20250113151703.0
010 _a978-5-6051943-2-3
_9100
021 _aRU
_bКН-П-24-057735
_9КН-П-24-5750
035 _a(NLR Aleph) 022378276
090 _a13329566
_c13329566
100 _a20241111d2024 u y0rusy50 ca
101 0 _arus
102 _aRU
105 _aa j 000yy
181 0 _ai3
_baxxe
182 0 _an
200 1 _aПанкреатография как метод диагностики патологии поджелудочной железы
_eучебно-методическое пособие для студентов образовательных организаций высшего образования, обучающихся по специальностям 31.05.01 Лечебное дело, 31.05.02 Педиатрия
_fВ. Н. Барыков, Е. Р. Олевская, А. Г. истомин [и др.]
_gМинздрав России, Федеральное государственное бюджетное образовательное учреждение высшего образования "Южно-Уральский государственный медицинский университет" Министерства здравоохранения Российской Федерации (ФГБОУ ВО ЮУГМУ Минздрава России), Кафедра госпитальной хирургии
203 _aТекст
_bвизуальный
_cнепосредственный
210 _aЧелябинск
_cТитул
_d2024
215 _a82, [1] с.
_cил.
_d21
300 _aНа 4-й с. обл. авт.: В. Н. Барыков - д-р наук, проф., Е. Р. Олевская - д-р мед. наук, доц., проф., заслуж. врач Рос. Федерации, А. Г. Истомин - врач-хирург, канд. мед. наук, трансплантолог [и др.]
320 _aБиблиогр. в конце кн. (26 назв.)
606 1 _aПанкреатография эндоскопическая ретроградная
_jУчебно-методические пособия для высших учебных заведений
_92095557
_3RU\NLR\AUTH\661571485
686 1 _aР364.194.36я73
701 1 _aБарыков
_bВ. Н.
_gВладимир Николаевич
701 1 _aОлевская
_bЕ. Р.
_gЕлена Рафаиловна
701 1 _aИстомин
_bА. Г.
_gАлександр Геннадьевич
942 _cBOOK
980 _aNB